[Event "TCh-CAT GpB Final 2016"]
[Site "Barcelona ESP"]
[Date "2016.04.16"]
[Round "4.4"]
[White "Vehi Bach, V."]
[Black "Lerch Gallemi, J."]
[Result "1-0"]
[WhiteElo "2316"]
[BlackElo "2218"]
[PlyCount "47"]
[EventDate "2016.03.12"]
[EventType "team"]
[EventRounds "4"]
[EventCountry "ESP"]
[Source "Mark Crowther"]
[SourceDate "2016.05.09"]
[WhiteTeam "MONTCADA, UNIO ESCACS"]
[BlackTeam "SANT BOI C.E."]

1. e4 e5 2. Nf3 Qe7 3. Bc4 h6 4. O-O Nf6 5. d4 d6 6. c3 c5 7. Re1 g6 8. Nbd2
Bg7 9. Bb5+ Nbd7 10. dxe5 dxe5 11. Nc4 O-O 12. Qd6 Qxd6 13. Nxd6 a6 14. Bxd7
Nxd7 15. a4 f5 16. Nh4 Rf6 17. Ne8 Rc6 18. exf5 g5 19. Nxg7 Kxg7 20. Nf3 Kf6
21. g4 b6 22. h4 gxh4 23. Bxh6 Bb7 24. Bg5+ 1-0

[Event "10th ch-SRB w 2016"]
[Site "Kragujevac SRB"]
[Date "2016.04.22"]
[Round "3.5"]
[White "Eric, J."]
[Black "Petrovic, Mari"]
[Result "1-0"]
[WhiteElo "2226"]
[BlackElo "2072"]
[PlyCount "63"]
[EventDate "2016.04.20"]
[EventType "tourn"]
[EventRounds "9"]
[EventCountry "SER"]
[Source "Mark Crowther"]
[SourceDate "2016.04.25"]

1. e4 e5 2. Nf3 Qe7 3. Bc4 d6 4. O-O h6 5. d4 Nf6 6. Re1 c6 7. a4 Qc7 8. c3 Be7
9. Nbd2 Nbd7 10. Bb3 Nf8 11. Nf1 Ng6 12. Ng3 O-O 13. Nf5 Kh7 14. Bc2 Re8 15. h3
Bf8 16. g4 d5 17. Nxe5 Nxe4 18. Ng3 Nxg3 19. fxg3 Kg8 20. Bf4 Nxe5 21. Bxe5 Qd8
22. Qd3 g6 23. Rf1 Be6 24. Rf6 Bg7 25. Rxg6 fxg6 26. Qxg6 Qg5 27. Qh7+ Kf8 28.
Rf1+ Bf7 29. Bg6 Qe3+ 30. Kh1 Re7 31. Qxg7+ Ke8 32. Rxf7 1-0

[Event "Silver Lake Open 2016"]
[Site "Veliko Gradiste SRB"]
[Date "2016.06.26"]
[Round "9.23"]
[White "Gorodetzky, David"]
[Black "Plesec, D."]
[Result "1-0"]
[WhiteElo "2350"]
[BlackElo "2256"]
[PlyCount "69"]
[EventDate "2016.06.19"]
[EventType "swiss"]
[EventRounds "9"]
[EventCountry "SER"]
[SourceDate "2016.07.04"]

1. e4 e5 2. Nf3 Qe7 3. Bc4 d6 4. Nc3 c6 5. a4 h6 6. h3 Be6 7. Bxe6 Qxe6 8. d4
Nf6 9. Be3 Be7 10. Qd3 Na6 11. a5 Nc7 12. Ra3 O-O 13. O-O c5 14. dxe5 dxe5 15.
Qe2 Na6 16. Nh2 Nb4 17. Ng4 Nxg4 18. hxg4 Qc6 19. Qc4 Nxc2 20. Nd5 Nxa3 21.
Nxe7+ Kh8 22. bxa3 Qd7 23. Nd5 Qxg4 24. f3 Qd7 25. Qxc5 Rfc8 26. Qb4 Qc6 27.
Rc1 Qd7 28. Rb1 Rcb8 29. Qb5 Qd8 30. Rc1 Rc8 31. Qxb7 Rxc1+ 32. Bxc1 Rb8 33.
Qxa7 Rb1 34. Qe3 Qh4 35. Qc3 1-0

[Event "Hamina Bastioni Open 2016"]
[Site "Hamina FIN"]
[Date "2016.09.25"]
[Round "5.5"]
[White "Luukkonen, T."]
[Black "Kilpela, P."]
[Result "1-0"]
[WhiteElo "2354"]
[BlackElo "2149"]
[PlyCount "65"]
[EventDate "2016.09.23"]
[EventType "swiss"]
[EventRounds "5"]
[EventCountry "FIN"]
[SourceDate "2016.10.03"]

1. e4 e5 2. Nf3 Qe7 3. Bc4 h6 4. O-O d6 5. d4 Nf6 6. Nc3 c6 7. a4 Bg4 8. dxe5
dxe5 9. b3 Qc7 10. h3 Bh5 11. g4 Bg6 12. Nh4 Bb4 13. Nxg6 fxg6 14. Na2 Bd6 15.
Qd3 Nbd7 16. Rd1 Be7 17. Be3 a5 18. Be6 Nf8 19. Qc4 Bd6 20. Nc3 Qe7 21. Rxd6
Qxd6 22. Bf7+ Ke7 23. Bc5 Qxc5 24. Qxc5+ Kxf7 25. Qxe5 Ne6 26. Rd1 Rhd8 27.
Rxd8 Rxd8 28. Qxa5 g5 29. Qb6 Rd7 30. e5 Ne8 31. Ne4 Nd8 32. Nc5 Rc7 33. a5 1-0

[Event "6th MTS Logistics 2017"]
[Site "Izmir TUR"]
[Date "2017.07.12"]
[Round "9.7"]
[White "Bulmaga, I."]
[Black "Yilmazyerli, M."]
[Result "0-1"]
[WhiteElo "2412"]
[BlackElo "2459"]
[PlyCount "86"]
[EventDate "2017.07.07"]
[EventType "schev"]
[EventRounds "10"]
[EventCountry "TUR"]
[WhiteTeam "BLUE TEAM"]
[BlackTeam "WHITE TEAM"]

1. e4 e5 2. Nf3 Qe7 3. Bc4 h6 4. O-O d6 5. d4 Nf6 6. Re1 Bg4 7. dxe5 dxe5 8. b3
c6 9. Bb2 Nbd7 10. a4 O-O-O 11. Nbd2 g5 12. Qc1 Nh5 13. Bc3 Nf4 14. b4 Qf6 15.
Qb2 Bd6 16. Re3 h5 17. a5 Bxf3 18. Nxf3 g4 19. Nd2 h4 20. Bf1 g3 21. fxg3 hxg3
22. hxg3 Nh5 23. Nc4 Bb8 24. Rd1 Qg5 25. b5 c5 26. Rdd3 Nhf6 27. Be2 Rdg8 28.
b6 a6 29. Bd2 Qh6 30. Kf2 Rxg3 31. Rxg3 Nxe4+ 32. Ke1 Qh1+ 33. Bf1 Qh4 34. Qa3
Nxg3 35. Rxg3 e4 36. Be3 Qxg3+ 37. Kd2 Rh1 38. Qc3 Bf4 39. Bxf4 Qxf4+ 40. Ne3
Qf2+ 41. Kc1 Rxf1+ 42. Kb2 Rh1 43. Ka2 Qf6 0-1

[Event "1st Longtou Cup 2018"]
[Site "Qinhuangdao CHN"]
[Date "2018.06.04"]
[Round "9.18"]
[White "Ma, Lin"]
[Black "Zhao, Zhouqiao CHN"]
[Result "1/2-1/2"]
[WhiteElo "2172"]
[BlackElo "2223"]
[PlyCount "29"]
[EventDate "2018.05.26"]
[EventType "swiss"]
[EventRounds "9"]
[EventCountry "CHN"]

1. e4 e5 2. Nf3 Qe7 3. Bc4 h6 4. O-O d6 5. c3 Qf6 6. d4 Ne7 7. a4 Ng6 8. a5 Be7
9. h3 O-O 10. Na3 Rd8 11. Nb5 Na6 12. Na3 Nb8 13. Nb5 Na6 14. Na3 Nb8 15. Nb5
1/2-1/2

[Event "44th Sitges Open 2018"]
[Site "Sitges ESP"]
[Date "2018.07.22"]
[Round "2.20"]
[White "Kadam, Om Manish"]
[Black "Gonzalez Rodriguez, JA."]
[Result "1-0"]
[WhiteElo "1836"]
[BlackElo "2271"]
[PlyCount "57"]
[EventDate "2018.07.22"]
[EventType "swiss"]
[EventRounds "9"]
[EventCountry "ESP"]

1. e4 e5 2. Nf3 Qe7 3. Bc4 d6 4. d3 h6 5. Be3 Nf6 6. c3 c6 7. O-O Bg4 8. Nbd2
g5 9. Re1 Qc7 10. Qc2 Nbd7 11. d4 Bh5 12. Bb3 Bg6 13. dxe5 dxe5 14. Qd1 Nc5 15.
Nxe5 O-O-O 16. Nxg6 fxg6 17. Bd4 Be7 18. Bc4 Rhf8 19. b4 Ncd7 20. e5 Nh5 21.
Qc2 Nb6 22. Be6+ Kb8 23. Ne4 Nf4 24. Bb3 Nbd5 25. Nc5 Qc8 26. e6 Rfe8 27. Bxd5
Rxd5 28. Nd7+ Ka8 29. Qa4 1-0

[Event "4th Eftychios Krommydakis"]
[Site "Chania GRE"]
[Date "2018.08.10"]
[Round "2.3"]
[White "Patrelakis, Evaggelos"]
[Black "Kofidis, A."]
[Result "0-1"]
[WhiteElo "2235"]
[BlackElo "2311"]
[PlyCount "138"]
[EventDate "2018.08.09"]
[EventType "tourn"]
[EventRounds "9"]
[EventCountry "GRE"]

1. e4 e5 2. Nf3 Qe7 3. Bc4 Nf6 4. d3 h6 5. h3 c6 6. Bb3 d6 7. c3 g6 8. Be3 Bg7
9. Nbd2 Be6 10. Qc2 Nbd7 11. O-O-O d5 12. Rhe1 c5 13. exd5 Nxd5 14. Bxd5 Bxd5
15. d4 cxd4 16. Bxd4 O-O 17. Nxe5 Nxe5 18. f4 Bxg2 19. Bxe5 Bxe5 20. Rxe5 Qf6
21. Rg1 Qxf4 22. Re2 Bd5 23. Rg4 Qf6 24. Qd3 Rad8 25. Qe3 Rfe8 26. Qxe8+ Rxe8
27. Rxe8+ Kg7 28. Rd4 Be6 29. h4 Qf2 30. b3 g5 31. hxg5 hxg5 32. Kb2 g4 33.
Rxe6 fxe6 34. Rxg4+ Kf7 35. Kc1 e5 36. Rc4 Ke6 37. Rc8 Kd7 38. Rc4 b5 39. Rg4
a5 40. Rg7+ Ke6 41. Rg6+ Kf7 42. Rg4 Qe2 43. Re4 Qd3 44. c4 b4 45. Kd1 Qc3 46.
Ke2 Ke7 47. c5 Kd8 48. Re3 Qb2 49. Rd3+ Kc7 50. Ke3 Qxa2 51. Rd6 Qc2 52. Rd5
Kc6 53. Rd8 Qxc5+ 54. Ke4 Kc7 55. Rd5 Qc3 56. Nc4 a4 57. Rc5+ Kd8 58. Rd5+ Ke7
59. Rxe5+ Kf6 60. Rf5+ Kg7 61. Rf3 Qc2+ 62. Kd4 a3 63. Rg3+ Kh6 64. Ne3 Qc3+
65. Ke4 a2 66. Nf5+ Kh7 67. Rxc3 bxc3 68. Kd3 a1=Q 69. Nd4 Qb2 0-1

[Event "TCh-LAT 2018"]
[Site "Riga LAT"]
[Date "2018.12.16"]
[Round "11.4"]
[White "Piksis,Davids"]
[Black "Klimakovs,S"]
[Result "0-1"]
[BlackTitle "FM"]
[WhiteElo "1806"]
[BlackElo "2323"]
[WhiteTeam "Rigas Saha skola-Nakotne"]
[BlackTeam "Termo Eko/ RSF"]
[WhiteFideId "11609117"]
[BlackFideId "11602066"]
[EventDate "2018.06.09"]

1. e4 e5 2. Nf3 Qe7 3. Bc4 h6 4. Nc3 Nf6 5. O-O d6 6. d4 c6 7. b4 Bg4 8. dxe5
dxe5 9. Rb1 a6 10. a4 b5 11. Be2 Qc7 12. Ne1 Bc8 13. Nd3 Nbd7 14. f4 Bd6 15. Qe1
exf4 16. Bxf4 O-O 17. Bxd6 Qxd6 18. Rd1 Qd4+ 19. Kh1 Ne5 20. Qg3 Nfg4 21. Nxe5
Qxe5 22. Rf4 Nf6 23. Rf3 Qxg3 24. Rxg3 Nd7 25. Rd6 Ne5 26. Rxh6 Rd8 27. Rh5 f6
28. Rh4 Rd4 29. Rf4 Kf7 30. Rg5 Nd7 31. Rg3 Rxb4 32. Kg1 Bb7 33. Rf1 Ne5 34. Rg5
Re8 35. Rg3 Re7 36. Ra1 Rb2 37. Bd3 Rd7 38. Rd1 Rb4 39. Rb1 Nxd3 40. cxd3 Rbd4
41. Rd1 b4 42. Ne2 Rxe4 43. Kf2 Rh4 44. h3 c5 45. Rc1 b3 46. Rxc5 Rxa4 47. d4
Rb4 48. Rcc3 b2 49. Rb3 b1=Q 50. Rxb1 Rxb1 51. Ra3 Rb2 0-1

[Event "Bhopal International Open"]
[Site "Bhopal IND"]
[Date "2018.12.28"]
[Round "10.9"]
[White "Rathnakaran,K"]
[Black "Sa,K"]
[Result "1-0"]
[BlackElo "2069"]
[BlackFideId "5018340"]
[EventDate "2018.12.21"]
[WhiteElo "2366"]
[WhiteFideId "5005507"]
[WhiteTitle "IM"]

1. e4 e5 2. Nf3 Qe7 3. Bc4 h6 4. O-O d6 5. Nc3 c6 6. d4 g6 7. dxe5 dxe5
8. a4 Bg4 9. h3 Bxf3 10. Qxf3 Qf6 11. Qe2 g5 12. Rd1 Bc5 13. a5 Nd7 14. Na4 Qe7
15. Nxc5 Nxc5 16. b4 Ne6 17. Ba3 Nf6 18. b5 c5 19. Bxe6 fxe6 20. Bb2 O-O
21. Bxe5 Rad8 22. c4 Rd7 23. b6 a6 24. Bc7 Rf7 25. Qc2 Ne8 26. Rxd7 Qxd7
27. Rd1 Qc6 28. Rd8 Kh7 29. Be5 Re7 30. Qe2 Kg6 31. h4 Rf7 32. hxg5 hxg5 33. Qg4
1-0

[Event "24th HIT Open 2019"]
[Site "Nova Gorica SLO"]
[Date "2019.01.28"]
[Round "6.16"]
[White "Ceschia,I"]
[Black "Mestek,I"]
[Result "1-0"]
[BlackElo "2135"]
[BlackFideId "14602270"]
[EventDate "2019.01.25"]
[WhiteElo "2329"]
[WhiteFideId "800260"]
[WhiteTitle "FM"]

1. e4 e5 2. Nf3 Qe7 3. Bc4 h6 4. O-O d6 5. d4 Nf6 6. Re1 c6 7. c3 Nbd7
8. Nbd2 g6 9. Nf1 Nb6 10. Bd3 Bg7 11. a4 Qc7 12. a5 Nbd7 13. b4 a6 14. dxe5 dxe5
15. Qb3 O-O 16. Nh4 Kh7 17. Bc4 Nb8 18. Be3 Be6 19. Bxe6 fxe6 20. Qxe6 Qf7
21. Qxf7 Rxf7 22. f3 Nfd7 23. Red1 Bf6 24. Bf2 c5 25. Ne3 Nc6 26. Ng4 Bg7
27. Rd6 cxb4 28. cxb4 Nf8 29. Bg3 h5 30. Ne3 Nxb4 31. Nc4 Nc6 32. Rb1 Rc8
33. Rd5 Re7 34. Nd6 Rcc7 35. Bf2 Nd4 36. Bxd4 exd4 37. f4 Ne6 38. g3 Red7
39. e5 Rc5 40. Rxc5 Nxc5 41. Nf3 Bf8 42. Ng5+ Kg8 43. Nge4 Nxe4 44. Nxe4 Be7
45. Kf2 Kf7 46. Ke2 Rd5 47. Kd3 Rxa5 48. Rxb7 h4 49. Ng5+ Ke8 50. gxh4 Bxg5
51. hxg5 Ra4 52. Rb6 Kf7 53. Rf6+ Kg7 54. e6 Ra1 55. Kxd4 Re1 56. Rf7+ Kg8
57. Kd5 a5 58. Ra7 Rf1 59. Rxa5 Rxf4 60. Ra8+
1-0

[Event "ch-POL Rapid 2019"]
[Site "Zgierz POL"]
[Date "2019.10.06"]
[Round "8.11"]
[White "Deszczynski,A"]
[Black "Kuzmicz,K"]
[Result "1/2-1/2"]
[BlackTitle "IM"]
[WhiteElo "2291"]
[BlackElo "2461"]
[WhiteFideId "1102753"]
[BlackFideId "1119125"]
[EventDate "2019.10.06"]

1. e4 e5 2. Nf3 Qe7 3. Bc4 c6 4. O-O d6 5. d4 Bg4 6. c3 Nf6 7. Re1 Nbd7 8. Nbd2
g6 9. h3 Bxf3 10. Nxf3 Bg7 11. a4 O-O 12. Bg5 h6 13. Bh4 Rfd8 14. a5 Nf8 15.
dxe5 dxe5 16. Qb3 g5 17. Bg3 Ng6 18. Nh2 Nh5 19. Nf1 Nxg3 20. Nxg3 Nh4 21. Red1
Qc7 22. Rxd8+ Rxd8 23. Rd1 Bf6 24. Nh5 Rxd1+ 25. Qxd1 Qd8 26. Qb3 b6 27. Bxf7+
Kf8 28. Qe6 Bg7 29. Bg8 Qd1+ 30. Kh2 Qxh5 31. Bh7 Qe8 32. Qd6+ Qe7 33. Qxc6 Bf6
34. Qa8+ Qd8 35. Qxa7 bxa5 36. g3 Nf3+ 37. Kg2 g4 38. hxg4 Ng5 39. Bf5 Qd1 40.
Qb8+ Ke7 41. Qc7+ Kf8 42. Qb8+ Ke7 43. Qc7+ Kf8 44. Qb8+ Ke7 1/2-1/2

[Event "35th ECC Open 2019"]
[Site "Budva MNE"]
[Date "2019.11.15"]
[Round "6.31"]
[White "Winkels,M"]
[Black "Wantiez,F"]
[Result "0-1"]
[BlackElo "2234"]
[BlackFideId "202274"]
[BlackTeam "Fontaine"]
[BlackTitle "FM"]
[EventDate "2019.11.10"]
[EventType "team"]
[WhiteElo "1972"]
[WhiteFideId "1003887"]
[WhiteTeam "Zuid Limburg"]

1. e4 e5 2. Nf3 Qe7 3. Bc4 d6 4. O-O h6 5. d4 c6 6. dxe5 dxe5 7. b3 Qc7
8. Bb2 Nd7 9. Nbd2 g5 10. Be2 Ne7 11. h4 g4 12. Ne1 h5 13. f4 Ng6 14. fxe5 Ndxe5
15. Bc4 Bc5+ 16. Kh1 Be6 17. Nd3 Nxd3 18. cxd3 O-O-O 19. Bf6 Ne5 20. Bxh8 Rxh8
21. Bxe6+ fxe6 22. Nc4 Qd8 23. Qe1 Nxd3 24. Qg3 b5 25. b4 Be7 26. Ne5 Bd6
27. Qxd3 Qxh4+ 28. Kg1 Bxe5 29. g3 Bxg3 30. Qc2 Bc7 31. Rf7 Bb6+ 32. Kf1 Qh1+
33. Ke2 Qg2+ 34. Kd1 Rd8+ 35. Kc1 Be3+ 36. Kb1 Qg1+ 37. Kb2
0-1

[Event "WALTON Premier Division Chess League"]
[Date "2015.12.11"]
[Round "6"]
[White "Mohammad Minhaz Uddin"]
[Black "Ahmed Mahtabuddin"]
[Result "1-0"]
[BlackElo "2167"]
[PlyCount "45"]
[WhiteElo "2439"]

1. e4 e5 2. Nf3 Qe7 3. Bc4 d6 4. O-O g6 5. Nc3 Be6 6. Bxe6 fxe6 7. d4 exd4
8. Qxd4 Bg7 9. Qb4 c5 10. Qc4 Nc6 11. Bg5 Qd7 12. Rad1 Nge7 13. Be3 b6
14. Ng5 Nd8 15. Bf4 e5 16. Bg3 h6 17. Nf3 Nf7 18. Rd3 a6 19. a4 g5 20. Rfd1 Nc6
21. Nd5 Na5 22. Qa2 Rb8 23. Ne3
1-0